000 00570nam a22002177a 4500
003 UA-OsUOA
001 56797
007 ta
008 20081112b un ||||| |||| 00| 0 ukr d
100 _aСтус Д.
090 _a82
_bС-12
942 _cSA
040 _aUA-OsUOA
_bukr
_cUA-OsUOA
_dUA-OsUOA
245 _aПро "Українську малу прозу ХХ століття"
300 _aС.193-195
955 _a0
041 _aukr
080 _a82
773 0 _w56796
650 7 _a82 Література. Літературознавство
_2UDC
999 _c342875
_d342875